000 00433nam a22001577a 4500
005 20200524104058.0
008 200524b xxu||||| |||| 00| 0 eng d
041 _aeng
082 _a340
100 _aBARE ACT
_95744
245 _aSECURITISATION AND RECONSTRUCTION OF FINANCIAL ASSETS AND ENFORCEMENT OF SECURITY INTEREST ACT, 2002
260 _aDELHI
_bPROFESSIONALS BOOK
300 _a195,p
650 _aLAW
_95701
942 _cBK
999 _c6489
_d6487